000 00449nam a22001817a 4500
005 20251108174600.0
008 250721s2003 xx 000 0 eng d
082 1 4 _aR/939/BUT
100 1 _abutcher, kevin
245 1 0 _aRoman Syria And The Near East /
264 1 _alondon :
_bthe british museum press,
_c2003.
650 1 7 _aSYRIA
650 1 7 _aMIDDLE EAST
650 1 7 _aROMANS
650 1 7 _aHISTORY
942 _2ddc
_cREF
999 _c112826
_d112826